[Event "Stay Safe Play From Home 318"]
[Site "Emanuel Lasker Arena"]
[Date "2020.07.20"]
[Round "9"]
[White "Weltszmerc"]
[Black "Möwe"]
[Result "1-0"]
[WhiteElo "2053"]
[BlackElo "1638"]
[Annotator "TA"]
[PlyCount "97"]
[EventDate "2020.07.20"]
[EventType "swiss (blitz)"]

{[%evp 9,96,-28,101,92,100,102,132,-168,-167,-215,0,0,107,104,114,110,158,122,252,259,299,233,230,229,223,241,289,271,289,285,303,248,238,211,212,204,279,279,344,339,335,341,461,392,402,383,363,370,370,360,317,239,362,394,397,246,236,239,237,230,257,199,231,199,266,227,219,219,339,342,356,355,355,337,335,331,372,349,564,548,645,575,671,658,29997,29998,29998,29999,29999]} 1. d4 d5 2. c4 e5 3. Nf3 exd4 4. Nxd4 c5 {[#]} 5. Nb5 $146 ({Predecessor:} 5. Nf3 d4 6. e3 Nc6 7. Bd3 Nf6 8. O-O Be7 9. Nbd2 O-O 10. Ne4 Bg4 11. Nxf6+ Bxf6 {1-0 (34) Smith,L-Rich,F USA 1993}) 5... d4 ({Don't play} 5... dxc4 6. Qxd8+ Kxd8 7. Bf4 $14) (5... a6 $11 {keeps the balance.} 6. Qa4 Bd7 {[%mdl 64] Pin}) 6. Bf4 $16 {Black must now prevent Nc7+. D08: Albin Counter Gambit.} Na6 {[#]} 7. e3 $1 Bd7 8. Nd6+ $2 {[%mdl 8192]} (8. Be2 $16 {and life is bright.}) 8... Bxd6 $1 $19 9. Bxd6 Ne7 $2 ({Black should play} 9... Qb6 $19 10. Be5 f6) 10. exd4 $11 O-O (10... Qb6 $11 {remains equal.} 11. dxc5 Qxb2) 11. dxc5 $16 {White leaves nothing to chance now.} Re8 12. Be2 Nc6 13. O-O Bf5 (13... b6 $16) 14. Nc3 $18 Nab4 15. a3 Nc2 16. Rc1 N2d4 17. Bd3 Bxd3 18. Qxd3 Qg5 19. b4 Nf5 20. Ne4 Qg6 21. Ng3 Nxg3 22. Qxg3 Re6 23. Qxg6 Rxg6 24. Rfd1 h5 25. b5 Nd8 26. h3 Ne6 27. f4 Rf6 28. Rd5 Nxf4 29. Bxf4 Rxf4 30. Rxh5 {[%mdl 4096] Endgame KRR-KRR} g6 (30... Re8 $142 31. Rd5 Kf8) 31. Rd5 Re8 32. c6 bxc6 33. bxc6 {[#] Strongly threatening c7.} Rc8 34. Rd6 Rc7 35. Kh2 Kg7 36. Rc3 Rf2 (36... Rf6 {is a better defense.} 37. c5 Rxc6 38. Rxc6 Rxc6) 37. Rf3 Rc2 38. Rd7 Rxc6 (38... Rxd7 {was necessary.} 39. cxd7 Rd2) 39. Rfxf7+ Kh6 40. Rh7+ ({Weaker is} 40. Rxa7 R6xc4 41. Rf6 Ra2 $18) 40... Kg5 41. Rd5+ Kf6 42. Rxa7 R6xc4 43. Ra6+ Kg7 $2 (43... Rc6 {was worth a try.}) 44. Rdd6 Ra2 45. Rxg6+ Kh7 46. Rgb6 {White wants to mate with Ra7+.} Rcc2 47. Ra7+ {White mates.} Kg8 48. Rb8+ Rc8 49. Rxc8# {Accuracy: White = 68%, Black = 33%.} 1-0

[Event "Stay Safe Play From Home 318"]
[Site "Emanuel Lasker Arena"]
[Date "2020.07.20"]
[Round "9"]
[White "TheCHESSHOUSE"]
[Black "W Nelles"]
[Result "1-0"]
[WhiteElo "1976"]
[BlackElo "1308"]
[Annotator "TA"]
[PlyCount "63"]
[EventDate "2020.07.20"]
[EventType "swiss (blitz)"]

{[%evp 9,63,92,117,111,136,122,114,95,92,74,69,77,75,57,131,129,144,125,279,311,312,310,285,269,210,237,771,234,1172,1104,1906,1778,29994,29989,29998,29989,29990,29991,29993,29992,29992,29991,29991,29991,29991,29988,29988,29989,29987,29986,29989,29990,29990,29991,29995,29991]} 1. d4 d5 2. c4 dxc4 3. e4 c6 4. Bxc4 e6 5. Nf3 Bb4+ 6. Nc3 {D20: Queen's Gambit Accepted: 3 e3 and 3 e4.} b5 {[#]} 7. Bb3 $146 ({Predecessor:} 7. Bd3 Na6 8. Be3 Nh6 9. O-O O-O 10. Rc1 Bxc3 11. bxc3 f6 12. Re1 Nc7 13. e5 {1-0 (49) Herrera,G-Wojcik,L ICCF email 2019}) 7... Nf6 8. Bg5 {White is better.} h6 9. Bh4 g5 10. Bg3 $1 Nxe4 11. O-O Nxc3 (11... Nxg3 $14 12. fxg3 Nd7) 12. bxc3 $16 Bxc3 13. Rc1 Bb2 $2 (13... b4 $16) 14. Rc2 $18 Ba3 15. Ne5 Bd6 16. f4 {[#] Strongly threatening fxg5.} ({Stronger than} 16. Nxc6 Nxc6 17. Rxc6 Bxg3 $11) 16... Bxe5 17. fxe5 Ba6 $2 (17... a5 18. Rcf2 Rf8) 18. Kh1 $2 $40 {[%mdl 128] White wants a kill.} (18. Rcf2) 18... Nd7 $2 {[#]} (18... b4) 19. Qh5 $1 {[%csl Gf1][%cal Rh5f7][%mdl 512]} Rf8 20. Rxc6 Ke7 21. Qxh6 {White mates.} Bb7 22. Rd6 Bxg2+ 23. Kxg2 Qa5 24. Qxg5+ Ke8 25. Kg1 Qc3 26. Bh4 {[%csl Gh4][%cal Rg5e7]} f6 27. Qh5+ Rf7 28. Rxe6+ Kd8 29. Qxf7 Qxd4+ 30. Bf2 Qg4+ 31. Bg3 Qe4 32. Rf2 {White took control after the opening. Accuracy: White = 88%, Black = 45%.} 1-0

[Event "Stay Safe Play From Home 318"]
[Site "Emanuel Lasker Arena"]
[Date "2020.07.20"]
[Round "9"]
[White "Haris kollari 13"]
[Black "Roefe Detlef"]
[Result "1-0"]
[WhiteElo "1839"]
[BlackElo "1713"]
[Annotator "NA RC"]
[PlyCount "47"]
[EventDate "2020.07.20"]
[EventType "swiss (blitz)"]

1. e4 {[%emt 0:00:01]} e5 {[%emt 0:00:02]} 2. f4 {[%emt 0:00:02]} Nc6 {[%emt 0:00:02]} 3. Nf3 {[%emt 0:00:01]} d6 {[%emt 0:00:01]} 4. Bb5 {[%emt 0:00:01]} exf4 {[%emt 0:00:03]} 5. d4 {[%emt 0:00:02]} Bd7 {[%emt 0:00:01]} 6. c3 {[%emt 0:00:01]} Nf6 {[%emt 0:00:06]} 7. Bd3 {[%emt 0:00:02]} Be7 {[%emt 0:00:03]} 8. Bxf4 {[%emt 0:00:02]} O-O {[%emt 0:00:03]} 9. Qc2 {[%emt 0:00:01]} h6 {[%emt 0:00:02]} 10. Nbd2 {[%emt 0:00:02]} Bg4 {[%emt 0:00:08]} 11. O-O-O {[%emt 0:00:02]} d5 {[%emt 0:00:04]} 12. e5 {[%emt 0:00:02]} Nd7 {[%emt 0:00:01]} 13. h3 {[%emt 0:00:01]} Be6 {[%emt 0:00:04]} 14. g4 {[%emt 0:00:01]} Rb8 {[%emt 0:00:07]} 15. Rdg1 {[%emt 0:00:03]} b5 {[%emt 0:00:04]} 16. h4 {[%emt 0:00:01]} Kh8 {[%emt 0:00:08]} 17. g5 {[%emt 0:00:03]} h5 {[%emt 0:00:02]} 18. g6 {[%emt 0:00:05]} f5 {[%emt 0:00:06]} 19. Bg5 {[%emt 0:00:06]} b4 {[%emt 0:00:05]} 20. Bxe7 {[%emt 0:00:02]} Qxe7 {[%emt 0:00:02]} 21. Ng5 {[%emt 0:00:01]} Nb6 {[%emt 0:00:13]} 22. Nb3 {[%emt 0:00:02]} Nc4 {[%emt 0:00:06]} 23. Nc5 {[%emt 0:00:06]} Bc8 {[%emt 0:00:06]} 24. Qe2 {[%emt 0:00:05] Roefe Detlef gibt auf (Lag: Av=0.32s, max=0.5s)} 1-0

[Event "Stay Safe Play From Home 318"]
[Site "Emanuel Lasker Arena"]
[Date "2020.07.20"]
[Round "9"]
[White "Klasman"]
[Black "Klausen"]
[Result "0-1"]
[WhiteElo "1457"]
[BlackElo "2058"]
[Annotator "TA"]
[PlyCount "36"]
[EventDate "2020.07.20"]
[EventType "swiss (blitz)"]

{[%evp 9,35,-9,18,-15,-13,-53,-31,-18,6,-67,-84,-177,-174,-198,-153,-325,-325,-352,-352,-349,-345,-353,-337,-422,-320,-29998,-29999,-29999]} 1. f4 e5 2. fxe5 d6 3. Nf3 dxe5 4. e4 Bc5 5. Bc4 Nc6 6. Nc3 {C30: King's Gambit Declined.} Nf6 7. d3 O-O (7... Ng4 $5 {[%cal Rg4f2]} 8. Na4 Bf2+ 9. Kf1 a6 $15) 8. Bg5 {Black is slightly better.} Be6 {[#]} 9. Bb5 $146 (9. Bxe6 $11 fxe6 10. Na4 Bb4+ 11. c3) ({Predecessor:} 9. Bxe6 fxe6 10. Qd2 Rb8 11. Be3 Bxe3 12. Qxe3 Nd4 13. Qd2 Nxf3+ 14. gxf3 Nd7 15. Qf2 {½-½ (29) Costa,A (1649)-Zago,C (1786) Fraiburgo 2013}) 9... Nd4 $15 10. Nxe5 (10. Bc4 $17) 10... Nxb5 $19 11. Nxb5 a6 12. Nc3 $2 {This costs White the game.} (12. d4 $17 {was the only defense.}) 12... Qd4 {[%csl Gc5][%cal Rd4f2]} 13. Rf1 Qxe5 {[%mdl 64] [#] Double Attack} 14. Bxf6 gxf6 15. Qf3 Qg5 16. g3 Bg4 17. Qxf6 $2 {[#]} (17. Qf4 $19) 17... Qe3+ 18. Ne2 Qxe2# {Accuracy: White =  7%, Black = 82%.} 0-1